| 000 | 00371 a2200133 4500 | ||
|---|---|---|---|
| 999 |
_c325480 _d325480 |
||
| 001 | 90407 | ||
| 003 | NUST | ||
| 082 | _a891.4393 JAM | ||
| 100 |
_aJames Headlay Cheese; Mazhar ul Haq, translator _99846 |
||
| 245 |
_aGunah e Adam=sins of Adams _hUrdu Novel |
||
| 260 |
_aLahore _bIlmoerfan Publications _c2014 |
||
| 300 | _a264p. | ||
| 500 | _aGeneral Books | ||
| 942 |
_aCAE NUST _cBK _k891.4393 JAM _2ddc |
||